| 000 | 00692nam a22001695i 4500 | ||
|---|---|---|---|
| 001 | 162264 | ||
| 003 | ES-MaACL | ||
| 005 | 20230906212451.0 | ||
| 008 | 041105s1882 ag |||| | spa d | ||
| 040 |
_aCAM _bspa _cCAM |
||
| 100 | 1 |
_aPlaza, Vicente de la. _9131218 |
|
| 245 | 1 | 0 |
_aDiscurso pronunciado por el Ministro de Relaciones Exteriores V. de La Plaza en el acto de la clausura _b: Julio 23 de 1882. |
| 260 |
_aBuenos Aires : _b[s.n.], _c1882 ( _fImprenta de La Nación) |
||
| 300 |
_a7 p. ; _c26 cm. |
||
| 594 | _aPrecede al tít.: Exposición Continental de Buenos Aires. | ||
| 852 |
_aES-MaACL _jT-385-F-1 _z-- Enc. hol. _q-- Falto de la cub. original _z-- Enc. en un vol. facticio |
||
| 999 |
_c162264 _d162264 |
||